00210nam a2200097 a 4500008004100000050001500041100001900056245001900075260000900094350000900103120416s1987 xx |||||||||||||| || u aTS 741 Sto aStokes, Gordon10aJewelry making c1987 a0.00